Spatial Regional Dependence of Attained Education

Stratégia rastu súčasnej EÚ a vplyv na príjmy a rast jednotlivých regiónov. Priestorová analýza dosiahnutej úrovne vzdelania (vyššie stredoškolské alebo terciárne vzdelávanie) v regiónoch V4 (Vyšehrádskej štvorky).

Salvato in:
Dettagli Bibliografici
Autore principale: Chocholatá, Michaela, 1977-
Altri autori: Furková, Andrea, 1975-
Natura: Capitolo di libro
Lingua:inglese
Soggetti:
Tags: Aggiungi Tag
Nessun Tag, puoi essere il primo ad aggiungerne!!

MARC

LEADER 00000naa$a2200000$$$4500
001 0206060
005 20240502083516.2
041 0 |a eng 
044 |a CZ 
245 1 0 |a Spatial Regional Dependence of Attained Education  |c Michaela Chocholatá, Andrea Furková 
520 |a Stratégia rastu súčasnej EÚ a vplyv na príjmy a rast jednotlivých regiónov. Priestorová analýza dosiahnutej úrovne vzdelania (vyššie stredoškolské alebo terciárne vzdelávanie) v regiónoch V4 (Vyšehrádskej štvorky). 
610 2 0 |a výskum operačný 
610 2 0 |a analýzy 
610 2 0 |a matice 
610 2 0 |a inovácia 
610 2 0 |a vzdelávanie 
610 2 0 |a Vyšehradská štvorka 
610 2 0 |a Európska únia 
100 1 |a Chocholatá, Michaela, 1977- 
700 1 |a Furková, Andrea, 1975-